Pollyanna/ (Record no. 196478)

MARC details
000 -LEADER
fixed length control field 00482nam a22001817a 4500
005 - DATE AND TIME OF LATEST TRANSACTION
control field 20230628113413.0
010 ## - LCCN (DPL NO)
LC control number ENG-137183
020 ## - INTERNATIONAL STANDARD BOOK NUMBER
International Standard Book Number 9789380070872
Terms of availability 175.00
035 ## - SYSTEM CONTROL NUMBER
System control number EN-120715
037 ## - SOURCE OF ACQUISITION
Source of stock number/acquisition DBAD/PUB
082 ## - DEWEY DECIMAL CLASSIFICATION NUMBER
Classification number N
100 ## - MAIN ENTRY--PERSONAL NAME
Personal name Porter, Eleanor H.
245 ## - TITLE STATEMENT
Title Pollyanna/
Statement of responsibility, etc By Eleanor H. porter
260 ## - PUBLICATION, DISTRIBUTION, ETC. (IMPRINT)
Place of publication, distribution, etc Uttar Pradesh
Name of publisher, distributor, etc Om Kidz
Date of publication, distribution, etc 2012
270 ## - ADDRESS
Address A -12, Sector 64,Noida
City Uttar Pradesh
Postal code 201301
300 ## - PHYSICAL DESCRIPTION
Extent 240p.;
Dimensions 21cm(Hbk)
942 ## - ADDED ENTRY ELEMENTS (KOHA)
Source of classification or shelving scheme Dewey Decimal Classification
Item type English Books
Call number suffix POR
Classification part N
Holdings
Withdrawn status Lost status Not for loan Collection code Home library Current library Date acquired Source of acquisition Cost, normal purchase price Full call number Barcode Copy number Cost, replacement price Koha item type
      Fiction Bawana Bawana 27/06/2023 DBAD/PUB 175.00 N POR EN-120715 1 175.00 English Books

© Delhi Public Library
Hit Counter
free hit counter